Solve the Secret Locations #2 - Statistics

General Stats
  • This quiz has been taken 4,112 times
  • The average score is 20 of 28
Answer Stats
Country Capital % Correct
Egypt Germany
100%
N Quito Cairo
99%
S Austria Ecuador
91%
Thailand Portugal
91%
Lisbon Vienna
90%
A Beirut Bangkok
89%
N Brazil Lebanon
88%
Port-au-Prince Brasília
87%
Finland Haiti
85%
T Suva Helsinki
85%
A North Korea Fiji
75%
Antananarivo Pyongyang
75%
A El Salvador Vietnam
73%
H Hanoi Lima
72%
Ethiopia Pakistan
72%
I Peru Madagascar
71%
S Islamabad San Salvador
71%
I Samoa Jamaica
69%
N Kingston Addis Ababa
67%
Luanda Apia
59%
Afghanistan Angola
58%
A Monaco Kabul
58%
A Belize Monaco
58%
Bahamas Lithuania
55%
Vilnius Belmopan
54%
Z Nassau
52%
K TANZANIA
51%
KINSHASA
41%
No matching quizzes found
Score Distribution
Percent of People with Each Score
Percentile by Number Answered
Your Score History
You have not taken this quiz